000 01236na a2200313 4500
999 _c9891
_d9891
001 23727
003 MIRAKIL
005 20200708155232.0
008 171218b tu 000 0
020 _a9786056803116
040 _aMilas
_btur
_cTR-AnCHP
041 _atur
082 _aCHP 324.2172
_bC36d 2017
090 _aCHP 324.2172 C36d 2017
110 _aCumhuriyet Halk Partisi (CHP)
245 _aDünya basınında adalet yürüyüşü-2
_cCumhuriyet Halk Partisi ; yayına hazırlayan Onur Bilge Kula
260 _aAnkara
_bCHP
_c2017
_fMiki Matbaacılık
300 _a276 s.
_bfotğ.
_c22 sm.
440 _aCumhuriyet Halk Partisi yayınları
_v10
600 _aKılıçdaroğlu, Kemal
_cCHP Genel Başkanı
_xAdalet yürüyüşü, 2017
610 _aCumhuriyet Halk Partisi (CHP)
_xPropaganda ve ideolojiler
_y2017
610 _aCumhuriyet Halk Partisi (CHP)
_xAdalet yürüyüşü, 2017
650 _aAdalet yürüyüşü, 2017
_xDış basında
650 _aToplumsal hareketler
_xAdalet yürüyüşü, 2017
740 _aKılıçdaroğlu adalet yürüyüşü
942 _2ddc
_cBKS
999 _d9891